000 00582nam a2200241Ia 4500
003 OSt
005 20221005131612.0
006 a|||||r|||| 00| 0
007 ta
008 221004b |||||||| |||| 00| 0 tam d
024 _a46909
037 _cTextual
040 _aCRL
_cCRL
_btam
041 _2tam
_atam
082 _aN2:9Q2, 31K3.2
100 _aKrishanaraja
_9639862
245 0 _aSriththva nidhi
260 _c1963
300 _a450
_ccm.
650 _aARTS
942 _hN2:9Q2, 31K3.2
_cTEXL
_2cc
999 _c1060870
_d1060870